000 00807nam a2200217Ii 4500
003 JO-AjNU
008 230605s9999||||xx |||||||||||||| ||und||
017 _a2007/7/2079
040 _aJO-AjNU
_bara
_erda
_cJO-AjNU
041 _aara
050 1 4 _aBP440.32.S84.G426 2007
100 3 _aالغرايبة، محمد حمد,
_eauthor
_924491
245 0 0 _aأصول الفقه الإسلامي بحوث في الدلالات والتخصيص والتقييد
250 _aط1
264 3 1 _aمؤته: مؤسسة رام للتكنولوجيا والكمبيوتر، 2007
300 _a309ص
_bالمصادر والمراجع ص291-304
336 _atext
_btxt
_2rdacontent
337 _aunmediated
_bn
_2rdamedia
338 _avolume
_bnc
_2rdacarrier
650 4 _aاصول الفقه الاسلامي
_924492
999 _aA9028
_c12596
_d12596